Statistics for Eminem Discography

Click here to take the quiz!

General Stats

  • This quiz has been taken 26 times
  • The average score is 76 of 175

Answer Stats

HintAnswer% Correct
The Marshall Mathers LPStan
92%
RecoveryLove The Way You Lie
88%
The Slim Shady LPMy Name Is
88%
The Marshall Mathers LPThe Real Slim Shady
88%
The Eminem ShowWithout Me
88%
RecoveryNot Afraid
83%
The Eminem ShowCleanin' Out My Closet
79%
EncoreLike Toy Soldiers
79%
The Marshall Mathers LP2Rap God
79%
The Marshall Mathers LP2The Monster
79%
The Marshall Mathers LPKim
75%
The Slim Shady LPGuilty Conscience
71%
The Marshall Mathers LPKill You
71%
Encore | Kamikaze | Relapse | +2 othersPaul
71%
RevivalRiver
67%
The Eminem Show'Till I Collapse
67%
KamikazeVenom
67%
RelapseBeautiful
63%
KamikazeKamikaze
63%
The Marshall Mathers LPMarshall Mathers
63%
KamikazeThe Ringer
63%
RelapseWe Made You
63%
The Marshall Mathers LP2Bad Guy
58%
The Marshall Mathers LP2Berzerk
58%
RelapseCrack A Bottle
58%
The Marshall Mathers LPCriminal
58%
The Eminem ShowHailie's Song
58%
KamikazeLucky You
58%
EncoreMockingbird
58%
RelapseMy Mom
58%
RecoveryNo Love
58%
The Slim Shady LPRole Model
58%
The Eminem ShowSing For The Moment
58%
The Marshall Mathers LPThe Way I Am
58%
RevivalWalk On Water
58%
The Eminem ShowWhite America
58%
RecoveryCold Wind Blows
54%
The Marshall Mathers LPDrug Ballad
54%
EncoreEncore
54%
KamikazeGood Guy
54%
EncoreJust Lose It
54%
The Marshall Mathers LP2Love Game
54%
KamikazeNot Alike
54%
RecoverySpace Bound
54%
Recovery25 To Life
50%
The Slim Shady LPBitch
50%
RevivalCastle
50%
Encore | KamikazeEm Calls Paul
50%
KamikazeFall
50%
KamikazeGreatest
50%
The Eminem ShowMy Dad's Gone Crazy
50%
KamikazeNice Guy
50%
The Slim Shady LPRock Bottom
50%
The Eminem ShowSoldier
50%
The Slim Shady LPStill Don't Give A Fuck
50%
Relapse3 a.m.
46%
The Slim Shady LP'97 Bonnie & Clyde
46%
RelapseBagpipes From Baghdad
46%
The Eminem ShowBusiness
46%
Encore | The Eminem ShowCurtains Up
46%
RelapseHello
46%
The Marshall Mathers LPI'm Back
46%
The Slim Shady LPJust Don't Give A Fuck
46%
EncorePuke
46%
The Marshall Mathers LP2Survival
46%
The Marshall Mathers LPAmityville
42%
RevivalArose
42%
The Marshall Mathers LPBitch Please II
42%
The Slim Shady LPBrain Damage
42%
The Eminem ShowCurtains Close
42%
RelapseDeja Vu
42%
The Eminem ShowDrips
42%
The Marshall Mathers LP2Headlights
42%
KamikazeNormal
42%
The Slim Shady LPPublic Service Announcement
42%
The Marshall Mathers LPRemember Me?
42%
The Eminem ShowSquare Dance
42%
KamikazeStepping Stone
42%
The Eminem ShowSuperman
42%
The Marshall Mathers LPWho Knew
42%
EncoreAss Like That
38%
The Slim Shady LPAs The World Turns
38%
The Slim Shady LPCum On Everybody
38%
EncoreEvil Deeds
38%
The Marshall Mathers LP2Evil Twin
38%
RelapseInsane
38%
The Marshall Mathers LP2Legacy
38%
RelapseMedicine Ball
38%
EncoreMosh
38%
EncoreMy 1st Single
38%
EncoreNever Enough
38%
RelapseOld Time's Sake
38%
The Marshall Mathers LP2Parking Lot
38%
EncoreRain Man
38%
RelapseStay Wide Awake
38%
Relapse | The Eminem Show | The Marshall Mathers LPSteve Berman
38%
The Marshall Mathers LP2Stronger Than I Was
38%
RelapseUnderground
38%
RecoveryUntitled
38%
The Eminem ShowWhen The Music Stops
38%
RecoveryW.T.P.
38%
RevivalBad Husband
33%
RevivalBelieve
33%
EncoreBig Weenie
33%
RecoveryCinderella Man
33%
RelapseDr. West
33%
RecoveryGoing Through Changes
33%
The Slim Shady LPI'm Shady
33%
RevivalLike Home
33%
The Eminem ShowPaul Rosenberg
33%
RevivalRevival
33%
The Marshall Mathers LP2Rhyme Or Reason
33%
RelapseSame Song & Dance
33%
The Eminem ShowSay Goodbye Hollywood
33%
The Eminem ShowSay What You Say
33%
The Marshall Mathers LP2So Far...
33%
The Eminem ShowThe Kiss
33%
The Marshall Mathers LPUnder The Influence
33%
RecoveryWon't Back Down
33%
RecoveryYou're Never Over
33%
The Marshall Mathers LP2Asshole
29%
The Slim Shady LPBad Meets Evil
29%
The Marshall Mathers LP2Brainless
29%
EncoreFinal Thought
29%
RevivalFramed
29%
The Marshall Mathers LP | The Slim Shady LPKen Kaniff
29%
RelapseMust Be The Ganja
29%
The Slim Shady LPMy Fault
29%
EncoreOne Shot 2 Shot
29%
RecoveryOn Fire
29%
The Marshall Mathers LPPublic Service Announcement 2000
29%
RecoverySeduction
29%
RecoveryTalkin' 2 Myself
29%
RelapseTonya
29%
EncoreYellow Brick Road
29%
RecoveryAlmost Famous
25%
The Marshall Mathers LP2Baby
25%
The Marshall Mathers LP2Beautiful Pain
25%
RelapseCareful What You Wish For
25%
The Marshall Mathers LP2Desperation
25%
The Slim Shady LPGet You Mad
25%
The Marshall Mathers LP2Groundhog Day
25%
RelapseMr. Mathers
25%
RelapseMy Darling
25%
RevivalNeed Me
25%
RevivalOffended
25%
The Slim Shady LPSoap
25%
RecoverySo Bad
25%
RevivalUntouchable
25%
EncoreWe As Americans
25%
RevivalChloraseptic
21%
EncoreCrazy In Love
21%
The Slim Shady LPGreg
21%
The Slim Shady LPHazardous Youth
21%
RevivalHeat
21%
The Slim Shady LPIf I Had
21%
RevivalIn Your Head
21%
The Slim Shady LPLounge
21%
RevivalNowhere Fast
21%
RevivalRemind Me
21%
The Marshall Mathers LP2So Much Better
21%
EncoreSpend Some Time
21%
The Marshall Mathers LP2Wicked Ways
21%
The Slim Shady LPBad Guys Always Die
17%
RevivalTragic Endings
17%
EncoreLove You More Ricky Ticky Toc
8%

Score Distribution

Percentile by Number Answered

Percent of People with Each Score

Your Score History

You have not taken this quiz